000 00961nam a2200277 i 4500
003 DO-SdBNP
005 20241010095009.0
007 ta
008 241010b2017 dr ||||| |||| 00| 0 spa d
020 _a97899945090444
040 _aDO-SdBNP
_bspa
_cBNPHU
_erda
082 4 _222
100 1 _aFernández Pequeño, José M.,
_eautor
_4aut.
_916454
245 1 0 _aSutiles /
_cJosé M. Fernández Pequeño ; corrección, Apio Garciandía ; editorial, Luis Reynaldo Pérez
264 4 _aSanto Domingo :
_bEditores Luna Insomne,
_c2017.
300 _a127 páginas :
_c23 cm.
336 _atexto
_btxt
_2rdacontent
337 _asin mediación
_bn
_2rdamedia
338 _avolumen
_bnc
_2rdacarrier
500 _aIncluye datos biográficos del autor en la contracubierta
590 _aInventariado, 2024/BT
700 1 _aGarciandía, Apio,,
_ecorrector
_4co.
_986679
700 1 _aPérez, Luis Reynaldo,
_eeditor
_4ed.
_986680
910 _aBtavárez
942 _2ddc
_cLBS1
999 _c57808
_d57808